000 00632cam a22002293a 4500
001 43944
003 PGUSA
005 20140828084012.0
008 131013s2013||||xxu|||||s|||||000 | eng d
040 _aPGUSA
_beng
042 _adc
100 1 _aAubrey, Frank
245 1 4 _aThe Devil-Tree of El Dorado :
_bA Novel
_h[electronic resource] /
_cFrank Aubrey
260 _bProject Gutenberg,
_c2013
506 _aPublic domain in the USA.
516 _aElectronic text
700 1 _aHyland, Fred
700 1 _aEllis, Leigh
830 0 _aProject Gutenberg
_v43944
856 4 0 _uhttp://www.gutenberg.org/ebooks/43944
942 _cEB
999 _c273195
_d273195